000 00398nam a22001217a 4500
040 _cNUST
082 _a809.1,ANJ
100 _aAnjam, Mahmud Ali
_9109749
245 _aPayam-e Mashriq /پیام مشرق کی اردو شروح و تراجم کا تحقیقی جائزہ (Urdu) /
_cMahmud Ali Anjam
260 _aLahore
_bAlfaisal Nashiran
_c2015
300 _a654 p.;
942 _2ddc
_cBK
_k809.1,ANJ
999 _c593515
_d593515